| 000 | 01591cam a22002413a 4500 | ||
|---|---|---|---|
| 001 | 32846 | ||
| 003 | PGUSA | ||
| 005 | 20140828083718.0 | ||
| 008 | 100616s2010||||xxu|||||s|||||000 | eng d | ||
| 040 |
_aPGUSA _beng |
||
| 042 | _adc | ||
| 050 | 4 | _aPR | |
| 245 | 1 | 0 |
_aInternational Short Stories : _bEnglish _h[electronic resource] |
| 260 |
_bProject Gutenberg, _c2010 |
||
| 505 | 0 | _aThe two drovers / Sir W. Scott -- Mr. Deuceace / W.M. Thackeray -- The brothers / E. Bulwer Lytton -- Doctor Manette's manuscript / C. Dickens -- The caldron of oil / W. Collins -- The burial of the tithe / S. Lover -- The Knightsbridge myster / C. Reade -- The courting of Dinah Shadd / R. Kipling -- The Sire de Maletroit's door / R.L. Stevenson -- The secret of Goresthorpe Grange / Sir A. Conan Doyle -- A change of treatment / W.W. Jacobs -- The Stickit Minister / S.R. Crockett -- The Lammas preaching / S.R. Crockett -- The undergraduate's aunt / F. Anstey -- The silhouettes / A.T. Quiller-Couch -- My brother Henry / J.M. Barrie -- Gilray's flower pot / J.M. Barrie -- Mr. O'Leary's second love / C. Lever -- The indifference of the miller of Hofbau / A.H. Hawkins -- The stolen body / H.G. Wells -- The lazarette of the "Huntress" / W.C. Russell -- The great triangular duel / Capt. F. Marryat -- Three thimbles and a pea / G. Borrow. | |
| 506 | _aPublic domain in the USA. | ||
| 516 | _aElectronic text | ||
| 653 | _aShort stories, English | ||
| 700 | 1 |
_aPatten, William, _d1868-1936 |
|
| 830 | 0 |
_aProject Gutenberg _v32846 |
|
| 856 | 4 | 0 | _uhttp://www.gutenberg.org/ebooks/32846 |
| 942 | _cEB | ||
| 999 |
_c262101 _d262101 |
||